| 000 | 00579nam a2200181 a 4500 | ||
|---|---|---|---|
| 001 | 000016507 | ||
| 005 | 20200929164925.0 | ||
| 008 | 100305s1920 dr 000 0 spa d | ||
| 040 |
_aDO-SdBNP _bspa _cBNPHU |
||
| 082 |
_a353.7 _bR426 |
||
| 110 | 1 |
_aRepública Domincana. _bSecretaria de Estado de Sanidad y Beneficiencia _936741 |
|
| 130 | 0 |
_a[Leyes, etc.] _936742 |
|
| 245 | 1 | 0 | _aCódigo sanitario. |
| 260 |
_aSanto Domingo : _bJ. R. Vda. García, _c1920. |
||
| 300 |
_a233 p. ; _c25 cm. |
||
| 650 | 4 |
_aSalud pública _zRepública Dominicana _xLegislación _936743 |
|
| 049 | _aBNPD | ||
| 999 |
_c16041 _d16041 |
||